Alle Länder des Schwedischen Kolonialreichs - Statistiken

Allgemein
  • Dieses Quiz wurde 22 mal gespielt
  • Das Durchschnittsergebnis liegt bei 5 aus 7
Antwortstatistiken
Antwort % Korrekt
Norwegen
95%
Finnland
91%
Schweden
91%
Russland
77%
USA
64%
Ghana
32%
Trinidad und Tobago
5%
Keine übereinstimmenden Quizze gefunden
Verteilung der Resultate
Anzahl Personen mit jedem Resultat
Perzentil nach korrekt beantworteten Fragen
Ihre Resultats-Entwicklung
Sie haben dieses Quiz noch nicht gespielt